00307nam a2200109Ia 4500008004100000041000800041100002200049245006000071260003800131300000800169700002000177250110s9999 xx 000 0 und d aeng aInamdar Saudamini aLandscape Approach For Urban Agricultural Lands in Pune bM Arch Landscape BNCA, Punec2015 a92p aGuide Name:BNCA